000 01019nam a2200385Ia 4500
005 20250425162106.0
008 250425s9999 xx 000 0 und d
020 _a9589321356
041 _aspa
043 _ack
082 _a631.658
110 _aBIBLIOTECA DEL CAMPO
245 0 _aMANUAL AGROPECUARIO: TECNOLOGIAS ORGANICAS DE LA GRANJA INTEGRAL AUTOSUFICIENTE (TOMO II)
250 _a1A ED.
260 _aBOGOTA
260 _aColombia
_bFUNDACION HOGARES JUVENILES CAMPESINOS
_c2004
300 _a1191
650 _aAVES DE CORRAL
650 _aAVES DE CORRAL-PRODUCCION
650 _aAVES-ALIMENTOS
650 _aCARACOLES-CLASIFICACION
650 _aCERVEZA
650 _aCONEJOS
650 _aFAUNA
650 _aGANADO
650 _aGANADO BOVINO
650 _aGANADO CAPRINO
650 _aGANADO DE CARNE
650 _aGANADO VACUNO
650 _aGANADO VACUNO-ALIMENTACION
650 _aGANADO VACUNO-ENFERMEDADES
650 _aLECHE
942 _c01
010 _a49363
999 _c222173
_d222173